header

Transition and development in Algeria (Record no. 216148)

MARC details
000 -LEADER
fixed length control field 01473nam a2200373Ia 4500
082 04 - DEWEY DECIMAL CLASSIFICATION NUMBER
Classification number 338.965
245 00 - TITLE STATEMENT
Title Transition and development in Algeria
260 ## - PUBLICATION, DISTRIBUTION, ETC. (IMPRINT)
Place of publication Bristol :
Name of publisher Intellect,
Year of publication 2005.
300 ## - PHYSICAL DESCRIPTION
Number of Pages ix, 193 p. :
Other physical details ill.
650 #0 - SUBJECT ADDED ENTRY--TOPICAL TERM
Topical Term Demographic transition
700 1# - ADDED ENTRY--PERSONAL NAME
Personal name Majumdar, Margaret A.
Personal name Saad, Mohammed,
856 40 - ELECTRONIC LOCATION AND ACCESS
Uniform Resource Identifier http://site.ebrary.com/lib/rucke/Doc?id=10120744

No items available.

© 2026 Rongo University
Contact us: librarian | system librarian | Rongo university